Sayonara /
Guardado en:
| Autor Principal: | |
|---|---|
| Otros Autores: | |
| Formato: | Libro |
| Idioma: | Undetermined |
| Publicado: |
Buenos Aires :
Hyspamérica,
1984.
|
| Edición: | 1a ed. |
| Series: | Grandes éxitos ;
16 |
| Materias: | |
| Etiquetas: |
Agregar Etiqueta
Sin Etiquetas, Sea el primero en etiquetar este registro!
|
| LEADER | 00602nam a22001935a 4500 | ||
|---|---|---|---|
| 001 | CEM.cems024718 | ||
| 008 | 250623s1984####ag############000#0#und#d | ||
| 005 | 20250623171453.0 | ||
| 245 | 1 | 0 | |a Sayonara / |c James A. Michener ; traducido por León Mirlas. |
| 250 | |a 1a ed. | ||
| 260 | |a Buenos Aires : |b Hyspamérica, |c 1984. | ||
| 300 | |a 270 p. | ||
| 490 | 1 | |a Grandes éxitos ; |v 16 | |
| 020 | |a 9506141886 | ||
| 100 | 1 | |a Michener, James A. | |
| 700 | 1 | |a Mirlas, León; trad. | |
| 653 | |a Novela estadounidense | ||
| 653 | |a Literatura estadounidense | ||
| 859 | |a CEMS |b BIB. CEMS - 11 de abril |h 818.5 |i M623 |p 29985.25 |t Ej.1 | ||
